| 000 | 00564nam a2200169 i 4500 | ||
|---|---|---|---|
| 001 | 101379 | ||
| 003 | ES-MaACL | ||
| 005 | 20230906182903.0 | ||
| 007 | t| | ||
| 008 | 051018s1961 sp ||||1| spa d | ||
| 100 | 1 |
_aMayer, Max. _979359 |
|
| 245 | 1 | 4 |
_aLos cálculos estáticos en la construcción / _cMax Mayer; traducción... con un apéndice sobre los métodos de cálculo por D. R. Dublang. |
| 260 |
_aBarcelona : _bLabor, _c1961. |
||
| 300 |
_aXIV, 241 p. : _bil. ; _c29 cm. |
||
| 700 | 1 |
_aDublang, Roberto. _945757 |
|
| 852 |
_aES-MaACL _jC-19462 _bR.49072 |
||
| 999 |
_c101379 _d101379 |
||